LEADER 02235nam 2200601 a 450 001 9910961285903321 005 20200110073707.0 010 $a9781975145941 010 $a1975145941 035 $a(CKB)5280000000218381 035 $a(MiAaPQ)EBC6676912 035 $a(Au-PeEL)EBL6676912 035 $a(DLC) 2020000416 035 $a(DLC)B000010375 035 $a(DLC)9781975145934 035 $a(EXLCZ)995280000000218381 100 $a20200107d2021 uy 0 101 0 $aeng 135 $aurcnu|||||||| 181 $ctxt$2rdacontent 182 $cc$2rdamedia 183 $acr$2rdacarrier 200 10$aManual of obstetrics /$feditors, Arthur T. Evans, Emily DeFranco 205 $a9th ed. 210 $aPhiladelphia $cWolters Kluwer$d2021 215 $a1 online resource (1116 pages) 311 08$a9781975145934 311 08$a1975145933 320 $aIncludes bibliographical references and index. 330 $a"Manual of Obstetrics skillfully addresses the care, assessment, and complications, as well as other emerging issues handled daily by obstetric providers. Top-rated among obstetrics manuals, this practical, authoritative text is both an excellent desk reference and on-the-spot guide. Essential data and commentary are provided on all the major areas of obstetric care, obstetric complications, maternal complications, fetal assessment, fetal complications, fetal therapy, fetal intervention issues, endocrine disorders, and neonatal care"--$cProvided by publisher. 606 $aObstetrics 606 $aContraception 606 $aPerinatal Care 606 $aPregnancy Complications 606 $aObstetrics$vOutlines, syllabi, etc 606 $aContraception$vOutlines, syllabi, etc 608 $aOutline 615 12$aObstetrics 615 22$aContraception 615 22$aPerinatal Care 615 22$aPregnancy Complications 615 0$aObstetrics 615 0$aContraception 676 $a618.2 701 $aEvans$b Arthur T$01503803 701 $aDeFranco$b Emily$01888040 801 0$bDNLM/DLC 801 1$bDLC 906 $aBOOK 912 $a9910961285903321 996 $aManual of obstetrics$94526336 997 $aUNINA 999 $a9781975145934